Który nie należy do #1 - Statystyki

Ogólne statystyki
  • Ten quiz został rozwiązany 13 razy
  • Średni wynik to 10 z 18
Statystyki odpowiedzi
Zagadnienie Odpowiedź % Poprawnych
Ssaków Kaczka
100%
Miasta w Europie Zurych
89%
Państwa Boliwia
78%
Geografia Manitoba
78%
Astronomia Pluton
78%
Rzeki Tamiza
78%
Ludzie Benjamin Franklin
67%
Postacie filmowe Hagrid
67%
Chemia Mosiądz
67%
Góry Matterhorn
56%
Filmy Titanic
56%
Odzież Krawat
44%
Piosenki Paint It Black
44%
Starożytne budowle Stonehenge
44%
Chemia Wapn
44%
Filmy Muppety na Manhattanie
33%
Astronomia Ceres
11%
Królewny Maria Antonina
0%
Nie znaleziono quizów pasujących do podanych kryteriów
Rozkład punktacji
Procent ludzi z każdym wynikiem
Percentyl według liczby udzielonych odpowiedzi
Twoja historia wyników
Nie rozwiązałeś tego quizu